000
00271nam a22000857a 4500
100
_a
धामा,तेजपाल सिंह
_9
74482
245
_a
पुराणों की प्रेरक कहानियां
650
_a
कहानी
_9
80364
942
_c
HIN
999
_c
63748
_d
63748